[Event "Challenge"]
[Site "http://www.queenalice.com/game.php?id=797155"]
[Date "2010.6.30"]
[Round "-"]
[White "stephen6"]
[Black "blackwolf"]
[Result "0-1"]
[WhiteElo "1352"]
[BlackElo "1894"]

1. e4 c5 2. Nc3 Nc6 3. Nf3 d6 4. Bb5 Bd7 5. Ba4 Nf6 6. d3 g6 7. O-O Bg7 8. Re1
O-O 9. Bxc6 Bxc6 10. a4 Qd7 11. a5 a6 12. e5 Ng4 13. Bf4 Bxf3 14. Qxf3 Nxe5 15.
Bxe5 Bxe5 16. Nd5 Rab8 17. Ra4 Qxa4 18. Nxe7+ Kg7 19. b3 Qxa5 20. Kf1 Rfe8 21.
Nd5 Bxh2 22. Qd1 Rxe1+ 23. Qxe1 Qxe1+ 24. Kxe1 Be5 25. c4 b5 26. Nc7 bxc4 27.
bxc4 a5 28. Ne6+ fxe6 0-1

[Event "Challenge"]
[Site "http://www.queenalice.com/game.php?id=809858"]
[Date "2010.7.28"]
[Round "-"]
[White "Petrucio"]
[Black "stephen6"]
[Result "0-1"]
[WhiteElo "1415"]
[BlackElo "1379"]

1. e4 e5 2. Qh5 Nf6 3. Qxe5+ Qe7 4. Qxc7 Nc6 5. c3 Qxe4+ 6. Be2 Nd5 7. Kd1 Nxc7
8. d3 Qe6 9. Kc2 d5 10. Be3 a5 11. Bb6 Na6 12. d4 Qf5+ 13. Kb3 Qxf2 14. Bf3 Be6
15. Na3 Bxa3 16. bxa3 Qe3 17. Ne2 Qg5 18. h4 Qg6 19. Nf4 Qf5 20. g3 g5 21. hxg5
Qxg5 22. Rhg1 a4+ 23. Kxa4 Nc5+ 24. Kb5 Na4 25. Rac1 h5 26. Bd1 Nxb6 27. Kxb6
Qd8+ 28. Kxb7 Na5# 0-1

[Event "Challenge"]
[Site "http://www.queenalice.com/game.php?id=810003"]
[Date "2010.7.28"]
[Round "-"]
[White "yeye2"]
[Black "stephen6"]
[Result "1-0"]
[WhiteElo "1354"]
[BlackElo "1394"]

1. e4 e5 2. Nf3 Nf6 3. Nc3 d5 4. Bd3 c6 5. Nxe5 Bg4 6. f3 Bh5 7. g4 Bg6 8. a3
Nbd7 9. Nxg6 hxg6 10. Qe2 Nc5 11. exd5+ Be7 12. dxc6 bxc6 13. g5 Nd5 14. Nxd5
Qxd5 15. b4 Na4 16. h4 a5 17. c4 Qd4 18. Rb1 axb4 19. axb4 Rxh4 20. Rxh4 Qxh4+
21. Kd1 Qxg5 22. Bc2 Nb6 23. b5 cxb5 24. Rxb5 Qf6 25. Bb2 Qc6 26. Be4 Qc8 27.
Bxa8 Nxa8 28. Ba3 Qd8 29. Re5 Kd7 30. Rxe7+ Kc6 31. Qe4+ Kb6 32. c5+ Kb5 33.
Rxf7 Qg8 34. Rb7+ Ka6 35. Qc6+ 1-0

[Event "Challenge"]
[Site "http://www.queenalice.com/game.php?id=826359"]
[Date "2010.9.1"]
[Round "-"]
[White "Petrucio"]
[Black "stephen6"]
[Result "0-1"]
[WhiteElo "1450"]
[BlackElo "1410"]

1. e4 e5 2. Qh5 d6 3. Bc4 g6 4. Qf3 Qf6 5. g4 Nc6 6. d3 h5 7. c3 Be6 8. Qg3 Bxg4
9. h3 Be6 10. h4 O-O-O 11. Bg5 Qg7 12. Be3 Nf6 13. Bb5 Na5 14. b4 Nc6 15. f4 Ng4
16. Bd2 d5 17. Be3 d4 18. Bd2 f5 19. a4 dxc3 20. Bxc3 Nd4 21. fxe5 Nc2+ 22. Kd1
Nce3+ 23. Ke2 Nc2 24. Ra2 Nxb4 25. Bxb4 Bxb4 26. Rb2 Bc3 27. Nxc3 Nxe5 28. Bc4
Nxc4 29. Rb4 Qxc3 30. Rb5 Rhg8 31. Nf3 Rxd3 32. exf5 Qc2+ 33. Kf1 Nd2+ 34. Kg2
Rxf3 35. Qg5 Ne4+ 36. Kxf3 Nxg5+ 37. hxg5 Qxa4 38. Re5 Bf7 39. Re7 Bd5+ 40. Kf2
Bxh1 41. f6 Rf8 42. Re1 Be4 43. Re3 h4 44. Rh3 Qa5 45. Rxh4 Qxg5 46. Rxe4 Rxf6+
47. Ke2 Qg3 48. Re8+ Kd7 49. Ra8 Rb6 50. Kd2 Rb2+ 51. Kc1 Rf2 52. Rxa7 Qg1# 0-1

[Event "Challenge"]
[Site "http://www.queenalice.com/game.php?id=827604"]
[Date "2010.9.4"]
[Round "-"]
[White "stephen6"]
[Black "FC"]
[Result "0-1"]
[WhiteElo "1420"]
[BlackElo "1574"]

1. e4 e5 2. Nf3 d6 3. Nc3 Be7 4. d3 Nf6 5. a4 O-O 6. b4 Nc6 7. b5 Nd4 8. Nd5
Nxf3+ 9. Qxf3 Nxd5 10. exd5 a6 11. c4 axb5 12. cxb5 c6 13. dxc6 bxc6 14. bxc6
Ra5 15. h4 d5 16. g4 Qd6 17. g5 f6 18. Qe2 Qxc6 19. Bh3 Qc3+ 20. Qd2 Qxa1 21.
O-O Bxh3 22. Qd1 Bxf1 23. Kxf1 e4 24. Ke2 Rxa4 25. Qc2 Ra2 26. Qxa2 Qxa2+ 27.
Ke3 Bc5+ 28. Kf4 Qxf2+ 29. Kg4 exd3 0-1

[Event "Challenge"]
[Site "http://www.queenalice.com/game.php?id=857904"]
[Date "2010.11.12"]
[Round "-"]
[White "yeye2"]
[Black "stephen6"]
[Result "1-0"]
[WhiteElo "1613"]
[BlackElo "1447"]

1. Nf3 d6 2. Nc3 e5 3. e4 Nf6 4. d4 Nc6 5. Bb5 exd4 6. Nxd4 Bd7 7. O-O a6 8.
Nxc6 bxc6 9. Ba4 d5 10. f3 Bb4 11. Qd4 O-O 12. Qxb4 Re8 13. Bg5 a5 14. Qc5 Qb8
15. exd5 Re5 16. Bb3 Rxg5 17. Qe7 Qe8 18. Qxe8+ Rxe8 19. Ne4 Nxe4 20. fxe4 Rxe4
21. dxc6 Be8 22. a4 h5 23. Rad1 Kh7 24. Rd8 Bxc6 25. Rc8 Re2 26. g3 h4 27. Rxc7
Be8 28. Rf2 Re1+ 29. Kg2 Rh5 30. Bxf7 Bxf7 31. Rfxf7 Rg5 32. Rf4 hxg3 33. hxg3
Kh6 34. b3 Re2+ 35. Rf2 Re3 36. Rc6+ g6 37. Rf3 Rf5 38. Rxe3 1-0

[Event "Challenge"]
[Site "http://www.queenalice.com/game.php?id=873442"]
[Date "2010.12.18"]
[Round "-"]
[White "Petrucio"]
[Black "stephen6"]
[Result "0-1"]
[WhiteElo "1497"]
[BlackElo "1428"]

1. e4 e5 2. Qh5 Nf6 3. Qf5 d5 4. Qxe5+ Be7 5. Bb5+ c6 6. Ba4 O-O 7. exd5 Nxd5 8.
h4 Re8 9. Rh3 Bf6 10. Nf3 Bxe5 11. d4 Bf6+ 12. Kd2 b5 13. Bb3 Nf4 14. Rg3 a5 15.
Kc3 a4 16. Bxf4 axb3 17. Kxb3 Nd7 18. a4 c5 19. Bg5 cxd4 20. c3 dxc3 21. bxc3
bxa4+ 22. Kb4 Re4+ 23. Kb5 Qb6# 0-1

[Event "Challenge"]
[Site "http://www.queenalice.com/game.php?id=883498"]
[Date "2011.1.9"]
[Round "-"]
[White "Petrucio"]
[Black "stephen6"]
[Result "0-1"]
[WhiteElo "1419"]
[BlackElo "1438"]

1. e4 e5 2. Bc4 Nf6 3. Qe2 Bb4 4. Qe3 O-O 5. Qb3 a5 6. a3 Bd6 7. Nc3 Re8 8. Qa4
b6 9. Qb5 c5 10. Bb3 Nc6 11. Qc4 Nd4 12. Qxf7+ Kh8 13. Kd1 Rf8 14. Qc4 Ng4 15.
Qf1 Nxf2+ 16. Ke1 Nxh1 17. Nf3 Be7 18. Qxh1 d6 19. Nd5 Bg4 20. Ng1 a4 21. Bc4
Nxc2# 0-1

[Event "Challenge"]
[Site "http://www.queenalice.com/game.php?id=891294"]
[Date "2011.1.26"]
[Round "-"]
[White "Petrucio"]
[Black "stephen6"]
[Result "0-1"]
[WhiteElo "1464"]
[BlackElo "1453"]

1. g3 d5 2. c3 Nf6 3. Bg2 e6 4. f3 Bc5 5. b4 Bb6 6. d4 O-O 7. Bg5 Re8 8. Qd2 Qd6
9. Bf4 Qc6 10. h4 a5 11. e3 axb4 12. cxb4 Qb5 13. Nc3 Qxb4 14. Rb1 Qe7 15. Be5
Nc6 16. Nh3 Nh5 17. g4 Ng3 18. Bxg3 Ba5 19. Qd3 Qa3 20. Kd2 Bxc3+ 21. Ke2 Nb4
22. Qd1 Nxa2 23. f4 e5 24. fxe5 Bxg4+ 25. Bf3 Bf5 26. Rb3 Qc1 27. Rxb7 Qxd1+ 28.
Kxd1 c6 29. Rb3 Rab8 30. Ra3 Ra8 31. Rb3 Reb8 32. e6 Rxb3 33. Ke2 Bxe6 34. Nf4
Bb2 35. Rd1 Bc1 36. Nh5 Raa3 37. Rd3 Rxd3 38. Bf4 Bxe3 39. Be4 Bxf4 40. Nxf4
Rxd4 0-1

[Event "Challenge"]
[Site "http://www.queenalice.com/game.php?id=910873"]
[Date "2011.3.10"]
[Round "-"]
[White "Petrucio"]
[Black "stephen6"]
[Result "1-0"]
[WhiteElo "1271"]
[BlackElo "1459"]

1. c4 e5 2. e4 Nf6 3. f3 Bc5 4. Qa4 O-O 5. g4 Nc6 6. g5 Nh5 7. f4 Nxf4 8. Qb5
Bd4 9. a4 Qxg5 10. Qb3 d6 11. Qg3 Qf6 12. Nf3 a5 13. d3 Nxd3+ 14. Bxd3 Nb4 15.
Ke2 c6 16. Ra3 d5 17. Bg5 Qe6 18. Bh4 dxc4 19. Ng5 Qd6 20. Qf3 f6 21. Bxc4+ Kh8
22. Nh3 Bxb2 23. Rb3 Ba1 24. Nd2 Be6 25. Rxa1 Bxc4+ 26. Nxc4 Qd4 27. Rc3 Qc5 28.
Bf2 Qe7 29. Rg1 Rad8 30. Nxa5 Rb8 31. Bc5 Qe8 32. Bxb4 Kg8 33. Bd6 Rf7 34. Rd3
Rd7 35. Bb4 Rbd8 36. Rc3 Rd2+ 37. Ke3 Rxh2 38. Qg3 Rxh3 39. Qxh3 Rd7 40. Rh1 Kf7
41. Qxd7+ Qxd7 42. Rd3 Qc8 43. Rc1 b6 44. Nxc6 Qe6 45. Rdc3 Kg6 46. Rg1+ Kf7 47.
Rh1 Kg6 48. Nd8 Qg4 49. Rf1 Qh3+ 50. Rf3 Qh1 51. Ne6 Kf7 52. Nd8+ Kg6 53. Rg3+
Kh5 54. Bf8 Kh4 55. Rxg7 Qe1+ 56. Kd3 Qd1+ 57. Kc4 Qxd8 58. Rg8 h5 59. Rd3 Qa8
60. Kb4 Qxe4+ 61. Kc3 Qxa4 62. Be7 Qf4 63. Bd6 b5 64. Rgg3 Qe4 65. Rh3+ Kg4 66.
Be7 Qg6 67. Rdg3+ Kf5 68. Rxg6 Kxg6 69. Rg3+ Kf7 70. Bb4 Ke6 71. Rh3 e4 72. Kd4
f5 73. Rxh5 Kf6 74. Rh6+ Kg5 75. Rb6 Kf4 76. Rxb5 e3 77. Be1 e2 78. Re5 Kf3 79.
Rxf5+ 1-0

[Event "Challenge"]
[Site "http://www.queenalice.com/game.php?id=910876"]
[Date "2011.3.10"]
[Round "-"]
[White "Petrucio"]
[Black "stephen6"]
[Result "0-1"]
[WhiteElo "1244"]
[BlackElo "1469"]

1. g4 e5 2. e4 Nf6 3. f3 d5 4. d4 Bb4+ 5. Bd2 Nc6 6. c3 Ba5 7. Na3 h5 8. g5 Nd7
9. exd5 Ne7 10. Nc4 b6 11. Nxe5 c5 12. f4 f6 13. Nc6 Qc7 14. Bg2 fxg5 15. fxg5
g6 16. Qe2 Rh7 17. Qxe7+ Rxe7+ 18. Ne2 Ba6 19. Kd1 Bxe2+ 20. Kc1 cxd4 21. Bh3
dxc3 22. bxc3 Ne5 23. Re1 Bb5 24. Be6 Bxc6 25. Bg8 Kd7 26. dxc6+ Qxc6 27. Rf1
Rxg8 28. Rf6 Qe4 29. Rf4 Qg2 30. Rd4+ Ke8 31. Kc2 Qxh2 32. Rd6 Rc7 33. Re6+ Re7
34. Rd6 Nc4 35. Rc6 Nxd2 36. Rc8+ Kf7 37. Rc6 Rd8 38. Rf6+ Kg7 39. a4 Rc8 40.
Kd3 Rxc3+ 41. Kd4 Rd7+ 42. Rd6 Rxd6# 0-1

[Event "Challenge"]
[Site "http://www.queenalice.com/game.php?id=936965"]
[Date "2011.5.11"]
[Round "-"]
[White "FENIX_RJ"]
[Black "stephen6"]
[Result "1-0"]
[WhiteElo "1458"]
[BlackElo "1476"]

1. e4 e5 2. d4 Nc6 3. Nf3 d6 4. c3 Nf6 5. d5 Na5 6. Bb5+ c6 7. Ba4 Be7 8. dxc6
bxc6 9. b4 Nb7 10. b5 cxb5 11. Bxb5+ Kf8 12. Bc4 Nxe4 13. Nbd2 Nec5 14. Nb3 Ne4
15. Qd5 Nxc3 16. Qxf7# 1-0

[Event "Challenge"]
[Site "http://www.queenalice.com/game.php?id=954317"]
[Date "2011.6.27"]
[Round "-"]
[White "Petrucio"]
[Black "stephen6"]
[Result "0-1"]
[WhiteElo "1339"]
[BlackElo "1435"]

1. f4 d5 2. Nf3 e6 3. Ne5 f6 4. Nd3 f5 5. Ne5 Nc6 6. e3 Nf6 7. Bb5 Bb4 8. Bxc6+
bxc6 9. Nxc6 Qd6 10. Ne5 O-O 11. c3 Bc5 12. Nf3 Ba6 13. Ne5 g6 14. d4 Bb6 15. h4
Ne4 16. b4 h5 17. Nxg6 Rf6 18. Ne5 Bc4 19. Qxh5 a5 20. g4 axb4 21. g5 Rff8 22.
Ng6 bxc3 23. Ba3 Rxa3 24. Qh7+ Kxh7 25. Kd1 Nf2+ 26. Ke1 Nxh1 27. h5 Bxa2 28.
Kd1 Bb3+ 29. Kc1 c2 30. Nxa3 Rg8 31. Ne5 Qf8 32. g6+ Kg7 33. Kd2 Rh8 34. Nxc2
Bxc2 35. Rxh1 Be4 36. Nf7 Bxh1 37. h6+ Rxh6 38. Ne5 Rxg6 39. Nd7 Qb4+ 40. Ke2
Be4 41. Ne5 Rg2+ 42. Kf1 Ra2 43. Nc6 Qb1# 0-1

[Event "Challenge"]
[Site "http://www.queenalice.com/game.php?id=976133"]
[Date "2011.8.24"]
[Round "-"]
[White "Petrucio"]
[Black "stephen6"]
[Result "0-1"]
[WhiteElo "1236"]
[BlackElo "1447"]

1. Nf3 d5 2. Nc3 Nf6 3. Ne5 Nbd7 4. Nf3 e5 5. d4 exd4 6. Nxd4 Bc5 7. Nf5 O-O 8.
e3 Re8 9. Qf3 Ne5 10. Bb5 c6 11. Ba4 Nxf3+ 12. gxf3 Bxf5 13. Kd2 b5 14. Bb3 a5
15. Rg1 a4 16. h4 axb3 17. cxb3 d4 18. exd4 Bxd4 19. Kd1 Bxf2+ 20. Bd2 Bxg1 21.
Ne2 Bf2 22. a3 Qd3 23. Nc3 Qxf3+ 24. Kc1 Ne4 25. Kc2 Nxc3+ 26. Kc1 Red8 27. Bxc3
Qe3+ 28. Bd2 Qxd2# 0-1

[Event "Challenge"]
[Site "http://www.queenalice.com/game.php?id=984340"]
[Date "2011.9.12"]
[Round "-"]
[White "Petrucio"]
[Black "stephen6"]
[Result "1/2-1/2"]
[WhiteElo "1171"]
[BlackElo "1455"]

1. g4 e5 2. Nf3 Nc6 3. a4 Nf6 4. g5 Nd5 5. c4 Ndb4 6. d3 d5 7. h4 Bg4 8. Nh2 Bh5
9. Bd2 Na6 10. Qb3 Rb8 11. cxd5 Nd4 12. Qd1 Qxd5 13. Nc3 Qd8 14. e3 Ne6 15. Qxh5
Nb4 16. Qg4 Nc2+ 17. Kd1 Nxa1 18. Kc1 Nb3+ 19. Kc2 Nbc5 20. a5 b6 21. Qf5 bxa5
22. Qxe5 a4 23. d4 Nb3 24. Bc4 Nxd2 25. Kxd2 Be7 26. Nxa4 O-O 27. Nc5 Rxb2+ 28.
Kc3 Rxf2 29. Nb7 Qd7 30. Ng4 Rb8 31. Nc5 Nxc5 32. Nxf2 Na4+ 33. Kd3 Nb2+ 34. Kc3
Na4+ 35. Kc2 Nb2 36. Bd5 c6 37. Qxb8+ Bf8 38. Be4 Nc4 39. Qb3 Nb6 40. Rh3 Bd6
41. Rf3 h6 42. Qc3 Na4 43. Qc4 Nb6 44. g6 Kf8 45. Qa2 Ke7 46. Rxf7+ Kd8 47. Rf8+
Bxf8 48. Nd3 Qd6 49. Qxa7 Nc4 50. Kb3 Nd2+ 51. Kc3 Nxe4+ 52. Kc4 Qe7 53. Qa8+
Kc7 54. h5 Kd6 55. Qb8+ Ke6 56. Qe5+ Kd7 57. Qf5+ Qe6+ 58. Qxe6+ Kxe6 59. Ne5 c5
60. d5+ Kxe5 61. Kb5 Kxd5 62. Ka4 c4 63. Kb5 c3 64. Ka4 c2 65. Kb3 c1=Q 66. Ka2
Nc5 67. e4+ Kxe4 1/2-1/2

[Event "Challenge"]
[Site "http://www.queenalice.com/game.php?id=1087621"]
[Date "2012.7.28"]
[Round "-"]
[White "plot24"]
[Black "stephen6"]
[Result "1-0"]
[WhiteElo "1728"]
[BlackElo "1444"]

1. e4 e5 2. Nf3 Nf6 3. Nc3 d6 4. d4 Nc6 5. dxe5 Nxe5 6. Bd3 Bg4 7. Be2 Qd7 8.
O-O O-O-O 9. Bg5 Kb8 10. Nd5 Be7 11. c4 h6 12. Nxf6 Bxf6 13. Nxe5 dxe5 14. Bxf6
gxf6 15. Bxg4 Qc6 16. Qe2 Rd4 17. Bf3 Rxc4 18. Qd2 Rc2 19. Qd3 Rxb2 20. Rfd1 Kc8
21. Bg4+ 1-0

[Event "return match?"]
[Site "http://www.queenalice.com/game.php?id=1093082"]
[Date "2012.8.14"]
[Round "-"]
[White "stephen6"]
[Black "plot24"]
[Result "1-0"]
[WhiteElo "1439"]
[BlackElo "1276"]

1. e4 e5 2. Nc3 Nc6 3. Nf3 Nf6 4. d4 exd4 5. Nxd4 Bb4 6. Bb5 O-O 7. O-O Bxc3 8.
bxc3 Nxe4 9. Qd3 Nc5 10. Qc4 Ne6 11. Re1 Ncxd4 12. cxd4 c6 13. Ba4 b5 14. Bxb5
cxb5 15. Qd3 Rb8 16. c3 d5 17. a4 Qa5 18. Ba3 Re8 19. axb5 Qxb5 20. Qg3 Bd7 21.
Bb4 Nxd4 22. Qd6 1-0